[Event "Box Hill op"]
[Site "Box Hill"]
[Date "2019.11.08"]
[Round "3"]
[White "Srinivasan, Arjun B"]
[Black "Zafirakos, Jesse"]
[Result "1/2-1/2"]
[WhiteElo "1254"]
[BlackElo "1581"]
[PlyCount "67"]
[EventDate "2019.10.18"]
[EventType "swiss"]
[EventRounds "9"]
[EventCountry "AUS"]
[SourceTitle "EXT 2021"]
[Source "ChessBase"]
[SourceDate "2020.10.23"]
[SourceVersion "1"]
[SourceVersionDate "2020.10.23"]
[SourceQuality "1"]

1. e4 e5 2. Nf3 Nc6 3. Bb5 a6 4. Ba4 Nf6 5. d4 exd4 6. 0-0 Be7 7. Re1 b5 8. Bb3 d6 9. Bd5 Nxd5 10. exd5 Ne5 11. Nxd4 0-0 12. f4 Bg4 13. Qd2 Nc4 14. Qd3 Bf6 15. Nd2 Re8 16. Ne4 Bxd4+ 17. Qxd4 f5 18. b3 c5 19. dxc6 Qb6 20. Bb2 Qxd4+ 21. Bxd4 fxe4 22. bxc4 bxc4 23. Rab1 Rac8 24. Rb7 g6 25. Rg7+ Kf8 26. Rxh7 Rxc6 27. Rh8+ Kf7 28. Rxe8 Kxe8 29. Rxe4+ Kf7 30. Kf2 Be6 31. c3 Rc7 32. Re2 Rb7 33. h3 Bf5 34. g4 1/2-1/2